| 000 | 01134nam a2200337 a 4500 | ||
|---|---|---|---|
| 001 | 000109988 | ||
| 003 | CHAP | ||
| 005 | 20220329144112.0 | ||
| 008 | 140618s2011 mx a |r| |||||||spa d | ||
| 010 | _a106450 | ||
| 011 | _a107422 | ||
| 020 | _a9786079548223 | ||
| 040 | _cCHAP | ||
| 082 | 0 | 4 |
_a303.44 _bR17 |
| 245 | 0 | 3 |
_aEl Ramo 33 en el desarrollo social en México : _bevaluación de ocho fondos de política pública / _cpor CONEVAL. |
| 260 |
_aMéxico, D.F. : _bCONEVAL, _c2011. |
||
| 300 |
_a143 p. : _bil., gráfs., cuadros. |
||
| 590 |
_aE6096MTM _b05 _c20140618 _lUCH01 _h0939 |
||
| 590 |
_aE6096MTM _b05 _c20140618 _lUCH01 _h0953 |
||
| 590 |
_aE6096MTM _b05 _c20140618 _lUCH01 _h0955 |
||
| 590 |
_aE6096MTM _b05 _c20140618 _lUCH01 _h0957 |
||
| 590 |
_aE6096MTM _b05 _c20140618 _lUCH01 _h0959 |
||
| 590 |
_aE6096MTM _b05 _c20140618 _lUCH01 _h1002 |
||
| 650 | 1 | 4 |
_aDesarrollo social _zMéxico. _932080 |
| 650 | 1 | 4 |
_aPolítica social. _990696 |
| 650 | 1 | 4 |
_aPolítica y desarrollo. _990716 |
| 710 | 1 |
_aConsejo Nacional de Evaluación de la Pólitica de Desarrollo Social _9124664 |
|
| 901 | _aBK | ||
| 942 | _cLIBRO | ||
| 942 | _n0 | ||
| 999 |
_c106450 _d106450 |
||